Statistics for Denmark by Picture

Click here to take the quiz!

General Stats

  • This quiz has been taken 217 times
    (37 since last reset)
  • The average score is 10 of 18

Answer Stats

Answer% Correct
Greenland
97%
Lego
97%
Hans Christian Andersen
93%
Bicycle
90%
Carlsberg
90%
Tivoli Gardens
86%
Vikings
86%
Christian Eriksen
76%
Little Mermaid
76%
Zealand
72%
Niels Bohr
66%
Lurpak
62%
Øresund Bridge
28%
Lars Ulrich
17%
Mute Swan
7%
Amalienborg Palace
3%
Pickled Herring
3%
Bacon with Parsley Sauce
0%

Score Distribution

Percentile by Number Answered

Percent of People with Each Score

Your Score History

You have not taken this quiz since the last reset